[Event "Tilburg"]
[Site "Tilburg"]
[Date "1991.??.??"]
[Round "6"]
[White "Anand, Viswanathan"]
[Black "Kasparov, Garry"]
[Result "1-0"]
[WhiteElo "2650"]
[BlackElo "2770"]
[Annotator "Lautier,J"]
[PlyCount "57"]
[EventDate "1991.10.??"]
[EventType "tourn"]
[EventRounds "14"]
[EventCountry "NED"]
[EventCategory "17"]
[SourceTitle "CBM 026"]
[Source "ChessBase"]
[SourceDate "1992.02.01"]
[SourceVersion "1"]
[SourceVersionDate "1992.02.01"]
[SourceQuality "1"]

1. e4 {Ftacnik Ernst Boensch Anand} c5 2. Nf3 d6 3. d4 cxd4 4. Nxd4 Nf6 5. Nc3
a6 6. f4 e6 7. Bd3 Nbd7 8. O-O Qb6 (8... Be7 {Boensch}) (8... g6 {Boensch}) 9.
Be3 Qxb2 (9... e5 10. Nf5 Qxb2 11. Qd2 Qa3 (11... Qb4 12. Nb5 $1 Qxd2 13.
Nbxd6+ Bxd6 14. Nxd6+ Ke7 15. Nf5+ Kf8 16. Bxd2 $18) 12. Bc4 $16) 10. Ndb5 axb5
11. Nxb5 Ra5 (11... Qb4 12. Nc7+ Ke7 (12... Kd8 13. Nxa8 Qa5 14. Nb6 Nxb6 15.
Qe1 $1 {Gheorghiu} Qa7 16. a4 Ng4 17. a5 $18) 13. Nxa8 Qa5 14. e5 Ne8 15. exd6+
Nxd6 16. c4 Qxa8 17. c5 Ne8 18. f5 $40 {de Firmian-Gheorghiu, Lone Pine 1980} (
18. f5 {Anand} f6 (18... Ne5 $5) 19. Bd4 Ne5 $6 (19... e5 20. Qb3 Nc7) 20. Bxe5
fxe5 21. Bc4 $16 {De Firmian-Gheorghiu Lone Pine1980})) (11... Kd8 $2 12. a3 $1
{/\ Bd4} Ra4 (12... d5 13. Rb1 Qa2 14. Rb3 $1 {/\ Nc3}) 13. c4 $1 $18) (11...
Rb8 $2 12. Rb1 Qxa2 13. Ra1 Qb2 14. Bd4 Qb4 15. c3 $18) 12. Rb1 Rxb5 (12...
Qxa2 $2 13. Nc3 Qa3 14. Rb3) 13. Rxb2 Rxb2 14. Qa1 Rb6 (14... Rb4 $2 15. Qc3)
15. Bxb6 Nxb6 16. Qc3 Be7 (16... Kd8 17. Qa5 Nfd7 18. Rb1 d5 (18... Kc7 19. Bb5
Kb8 (19... Nc5 $2 20. Be8 $18) 20. Bxd7 Nxd7 21. Qd8 g6 (21... d5 22. Kf1 dxe4
23. Rb3 Nc5 24. Rc3 $18) 22. Kh1 $1 Bg7 23. Qe7 Kc7 24. Rd1 $16) 19. exd5 exd5
20. Bf5 Bc5+ 21. Kf1 Ke7 22. Bxd7 Nxd7 23. Qc7 f6 24. Rd1 d4 25. c3 $16) (16...
Nfd7 17. Rb1 Be7 {transposes to the game.} (17... d5 $2 18. Rxb6 Nxb6 (18...
Bc5+ 19. Kf1 d4 20. Qc4 $18) 19. Qc7 $18)) 17. Rb1 Nfd7 (17... Bd8 18. Qd4 Nbd7
19. Qxd6 Be7 20. Qc7 O-O 21. Kf1 $16) 18. Qxg7 (18. Qc7 O-O $1 19. Rxb6 $2 Bd8
20. Qxc8 Bxb6+) 18... Bf6 19. Qh6 Ke7 (19... Rg8 20. e5 dxe5 21. Bxh7 $1 (21.
Rxb6 e4 22. Rxe6+ fxe6 23. Bxe4 $14) 21... Rh8 22. Rxb6 Nxb6 (22... e4 23. Rb4
Ke7 24. Rc4 $18) 23. Qxf6 Rxh7 24. Qxe5 Nd5 25. c4 Ne7 26. a4 $16 {with the
plan Qc7, c5-c6 and pushing the "a" pawn to Queen !}) 20. Bb5 $2 (20. g4 $1 Rg8
21. g5 Bg7 (21... Bd4+ 22. Kf1 Nf8 $5) 22. Qh4 (22. Qxh7 $4 Bd4+ 23. Kf1 (23.
Kh1 Rh8) 23... Rh8 $19) 22... e5 (22... h6 23. Kf1 hxg5 24. Qxg5+ $16) (22...
Na4 {Anand} 23. Kh1 Nac5 24. g6+ Bf6 25. gxh7 $13) 23. Kh1 exf4 24. e5 $1 Bxe5
25. g6+ Bf6 26. gxh7 Rh8 27. Qh6 $16 {/\ Rg1-g8}) 20... Rg8 $2 (20... e5 $1 21.
Rf1 (21. f5 Nc5) 21... Rg8 22. fxe5 Bxe5 23. Qxh7 Rg7 24. Qh4+ Nf6 $10) (20...
Nc5 $2 {Ftacnik} 21. e5 dxe5 22. fxe5 Bxe5 23. Qg5+ Kd6 24. Rd1+ Nd5 25. c4 $18
) 21. Rd1 $1 e5 (21... Nc5 22. e5 (22. Rxd6 $2 Rg6 $19) 22... dxe5 23. fxe5
Bxe5 24. Qe3 (24. Qh4+ {Ftacnik} Bf6 25. Qb4 $18) 24... Nbd7 (24... Bd6 25. Qd4
Rd8 (25... Nd5 26. c4 $18) 26. Qh4+ f6 27. Qxh7+ Kf8 28. Qh8+ Ke7 29. Qg7#) 25.
Bxd7 Nxd7 26. Rxd7+ Bxd7 27. Qxe5 Bc6 28. g3 $16) (21... Rg4 {Anand Kasparov's
original intention} 22. e5 dxe5 23. Qh3 Rxf4 24. Qa3+ Ke8 25. Qc5 Bd8 26. a4
$18) 22. f5 {/\ Qd2} Nc5 $2 (22... Rd8 $1 23. g4 Nc5 24. g5 Nxe4 (24... Bh8 $2
25. f6+ $18) 25. gxf6+ Nxf6 $14) (22... Rg4 $2 23. Qd2 d5 24. Bxd7 Nxd7 (24...
Bxd7 25. Qb4+) (24... Kxd7 25. Qe2 $18) 25. Qxd5 $18) (22... Na8 {Anand} 23.
Bxd7 $1 Bxd7 24. Rxd6 Bg5 (24... Kxd6 25. Qxf6+ Kc7 26. Qxf7 $18) 25. Qxh7 $16)
(22... Na8 $5 {Ftacnik}) 23. Rxd6 $1 Bg5 (23... Kxd6 24. Qxf6+ Kc7 25. Qxf7+
$18 (25. Qxe5+ $18 {Boensch}) (25. Qxe5+ $18 {Ftacnik})) 24. Qxh7 Nxe4 (24...
Kxd6 25. Qxg8 Be3+ (25... Nxe4 {Ftacnik} 26. Qxf7 $18) 26. Kf1 Nxe4 (26... Ke7
27. Qe8+ (27. f6+ Kxf6 28. Qd8+) 27... Kf6 28. Qd8+) (26... Bd7 {Anand} 27.
Bxd7 Nbxd7 28. Qxf7 $18) 27. Qxf7) 25. Rxb6 (25. Qxg8 {Ftacnik} Be3+ 26. Kf1
Nxd6 $16) 25... Rd8 (25... Be3+ {Ftacnik} 26. Kf1 Rd8 27. Qh4+) 26. Bd3 (26.
f6+ {Ftacnik} Nxf6 27. Rxf6 Bxf6 $16) 26... Be3+ 27. Kf1 Bxb6 (27... Nd2+ {
Ftacnik} 28. Ke2 Bxb6 29. Qh4+ Kd7 (29... Ke8 30. Bb5+ Bd7 31. Qh8+ Ke7 32.
Qxe5+ Kf8 33. Qd6+ $18) 30. Kxd2 $18) 28. Bxe4 Rd4 29. c3 (29. c3 Rxe4 30. f6+
$18 (30. f6+ {Ernst} Kxf6 31. Qxe4 $18)) 1-0

[Event "Hoogovens op"]
[Site "Wijk aan Zee"]
[Date "1993.01.??"]
[Round "1"]
[White "Leko, Peter"]
[Black "Smirin, Ilia"]
[Result "1-0"]
[WhiteElo "2465"]
[BlackElo "2590"]
[Annotator "Leko,P"]
[PlyCount "89"]
[EventDate "1993.01.??"]
[EventType "swiss"]
[EventRounds "12"]
[EventCountry "NED"]
[SourceTitle "CBM 034"]
[Source "ChessBase"]
[SourceDate "1993.06.01"]
[SourceVersion "1"]
[SourceVersionDate "1993.06.01"]
[SourceQuality "1"]

1. e4 c5 2. Nf3 d6 3. d4 cxd4 4. Nxd4 Nf6 5. Nc3 a6 {Smirin nearly always
playsthe Rauser or Dragon, but I was also prepared for the Najdorf or
Scheveningen, as I saw him play this move in Tilburg.} 6. Be3 e6 {Other
possibilities are 6...e5 or 6...Ng4} 7. f4 {This move has not been played very
often lately. In the beginning of the eighties it was much more popular than
today. Other moves are 7.f3 or 7.Be2.} b5 {This is the best way to handle the
variation. Two weeks earlier in Sydney Raychman played 7...Qc7 against me.} 8.
Qf3 {The idea behind this variation is easy to understand: to launch a
kingside attack with 0-0-0, g4, h4.} Bb7 9. Bd3 b4 (9... Nbd7 10. g4 Nc5 11. g5
b4 12. gxf6 bxc3 13. fxg7 Bxg7 14. b4 $16 {This was played in Sydney by
Feldman against me.}) 10. Nce2 Nbd7 11. g4 e5 {In the 7th round De Boer tried
Nc5 against me. After a real 'harikiri game' I got the upper hand.} 12. Nb3
exf4 {The theory also gives 12...d5.} 13. Bxf4 Qe7 {As far as I know this is a
novelty. Qe7 has the idea of supporting ...Ne5. If White takes on e5, Black
will take back with the Queen and his position would be fine.} (13... h5 14. g5
Ng4 15. O-O-O {Kotronias-Vegh. This was the only other game I knew.}) (13...
Ne5 14. Bxe5 dxe5 15. g5 {with attack on f7. I saw a game with this
continuation after my game against Smirin.}) 14. O-O-O Ne5 (14... Bxe4 15. Bxe4
Qxe4 16. Qg3 {/\ Rhe1. This would give me very good compensation for the pawn.}
) 15. Qg3 {Again the e- and g-pawns are offered.} Rc8 {/\ Nxd3} (15... Nexg4
16. Bxd6 $18) (15... Nfxg4 16. Na5 $16) 16. Ned4 Qc7 17. Kb1 g6 18. Rde1 Nfxg4
19. Bd2 Qb6 20. Rhf1 Bg7 21. h3 Nf6 22. Nf5 Bf8 23. Qh4 Nfd7 24. Nh6 {
Preventing him from castling.} Bg7 25. Qf4 Nc5 26. Nxc5 dxc5 (26... Rxc5 27.
Be3) (26... Qxc5 27. Ng4 O-O 28. Nf6+ Kh8 29. Qh4) 27. Bc4 f6 28. Bd5 Rd8 (
28... g5 {impossible because of...} 29. Qf5 Bxh6 30. Bxb7 Qxb7 31. Qe6+ $18)
29. Bxb7 Qxb7 30. h4 Qe7 {I think the position is unclear. For the pawn White
has some attacking chances.} 31. Bc1 {To take control of the d-file.} Kd7 $2 {
He had to play 31...Qe6, as we analysed after the game. The plan is to find a
save place for the king on the queenside is only optically good.} 32. Ng4 Nxg4
33. Qxg4+ Qe6 34. Qg1 {This move threatening h5 and Qxc5 was overlooked by
Smirin. We were both in time trouble now.} Kc6 (34... Bf8 35. Rxf6 Qxf6 36. Bg5
Qd4 37. Rd1 $18) 35. h5 Rdg8 36. hxg6 Bf8 37. e5 Rxg6 (37... fxe5 38. Qh1+ Kc7
39. Rf7+) 38. Qh1+ Qd5 (38... Kb6 39. exf6 {Smirin was expecting 39.Qxd5 now.})
39. Qh3 {/\ Qc8+ and taking on f6.} f5 40. Qxf5 Bg7 41. Rd1 Qxe5 42. Qd7+ Kb6
43. Rf7 {Threatening 44.Qb7+ Ka5 45.Rd5+-.} Bh6 {A last trick.} 44. Re7 (44.
Qb7+ Ka5 45. Rd5 Rg1 $1 {Whoops!}) 44... Qb8 45. Re6+ 1-0

[Event "Ter Apel"]
[Site "Ter Apel"]
[Date "1996.??.??"]
[Round "2"]
[White "Leko, Peter"]
[Black "Oll, Lembit"]
[Result "1-0"]
[WhiteElo "2625"]
[BlackElo "2640"]
[Annotator "Leko,P"]
[PlyCount "67"]
[EventDate "1996.03.??"]
[EventType "tourn"]
[EventRounds "5"]
[EventCountry "NED"]
[EventCategory "15"]
[SourceTitle "CBM 053"]
[Source "ChessBase"]
[SourceDate "1996.08.01"]
[SourceVersion "1"]
[SourceVersionDate "1996.08.01"]
[SourceQuality "1"]

1. e4 c5 2. Nf3 d6 3. d4 Nf6 4. Nc3 cxd4 5. Nxd4 a6 6. f4 e6 7. Qf3 Qb6 8. Nb3
Qc7 9. Bd3 b5 10. g4 Bb7 11. g5 Nfd7 12. Bd2 Nc5 $1 13. Ne2 $5 {N} Nbd7 (13...
Nc6 $1 14. Nxc5 dxc5 15. c3 O-O-O 16. O-O-O $10) 14. Na5 $1 Rc8 15. Nxb7 Qxb7
16. Ng3 g6 $5 (16... Nxd3+ 17. cxd3 Rc2 18. Kd1 $1 Qc7 (18... Rxb2 $2 19. Bc3
$18) 19. Rc1 $14) 17. Bc3 Rg8 (17... e5 18. f5 $40) 18. O-O Na4 (18... Qb6 19.
Kh1 Nxd3 20. cxd3 b4 21. f5 $1 $16) (18... b4 $5) 19. Bd4 e5 $5 (19... Bg7 20.
Bxg7 Rxg7 21. Rab1 $14) 20. fxe5 Nxe5 21. Bxe5 dxe5 22. b3 Nc5 23. a4 $1 $40
Nxd3 $8 (23... h6 $2 24. axb5 axb5 25. Bxb5+ $1) 24. cxd3 h6 $6 (24... b4 25.
Rac1 Rxc1 26. Rxc1 Be7 27. Qg4 $16) (24... Bd6 $5) 25. axb5 axb5 26. Kh1 $1
hxg5 27. Qf6 Bg7 (27... Qe7 28. Qb6 $1) 28. Qxg5 Qd7 29. Rac1 $1 $16 (29. Qe3
$5) 29... Rxc1 (29... Kf8 $2 30. Rxc8+ Qxc8 31. Qxg6 $18) (29... Rd8 30. Rc5 $1
Qxd3 31. Rc7 $1 $16) 30. Rxc1 Kf8 (30... Rh8 31. Nf5 $1 Bf8 32. Qf6 $18) 31.
Rc5 $1 Qe8 $8 32. Rd5 f6 33. Qc1 $1 Qe7 (33... Bh8 $8 34. Rc5 $1 $18) 34. Qc6
1-0

[Event "DEN-ch"]
[Site "Taastrup"]
[Date "1998.04.06"]
[Round "3"]
[White "Mortensen, Erling"]
[Black "Sahl, Bjarke"]
[Result "1/2-1/2"]
[WhiteElo "2510"]
[BlackElo "2430"]
[Annotator "Mortensen,E"]
[PlyCount "119"]
[EventDate "1998.04.04"]
[EventType "tourn"]
[EventRounds "9"]
[EventCountry "DEN"]
[EventCategory "9"]
[SourceTitle "CBM 065"]
[Source "ChessBase"]
[SourceDate "1998.08.06"]
[SourceVersion "1"]
[SourceVersionDate "1998.08.06"]
[SourceQuality "1"]

1. e4 c5 2. Nf3 d6 3. d4 cxd4 4. Nxd4 Nf6 5. Nc3 Nc6 6. Bc4 Qb6 7. Nb3 e6 8.
O-O Be7 9. Be3 Qc7 10. f4 a6 11. Bd3 b5 12. Qf3 Bb7 13. a4 b4 14. Ne2 g6 (14...
Na5 15. Nxa5 Qxa5 16. g4 O-O 17. g5 Nd7 18. Nd4 g6 19. Qh3 Nc5 20. f5 exf5 21.
Nxf5 $1 gxf5 22. Rxf5 Qc7 23. Qh6 d5 24. Bd4 Ne6 25. e5 Bc5 26. Rf2 $4 (26. Rf6
$1 Nxg5 (26... Bxd4+ 27. Kh1 Nxg5 28. Qxg5+ Kh8 29. Qh6 $18) 27. Qxg5+ Kh8 28.
Qh4 Rg8+ 29. Kh1 Rg7 30. Rh6 f5 31. exf6 Rf7 32. Rxh7+ Rxh7 33. f7+ Bxd4 34.
Qxd4+ Rg7 35. Qh4+ $18) 26... f6 27. Bxc5 Nxc5 28. gxf6 Kh8 29. e6 Nxe6 30. Re1
Rae8 31. Kf1 Qf7 32. Re5 Nc5 33. Rg5 Rg8 34. Rfg2 Nxd3 35. cxd3 d4 36. R2g4
Rxg5 37. Rxg5 Rg8 38. Rxg8+ Kxg8 39. Qg5+ Qg6 40. Qe5 {0-1 Mortensen,
E-Tukmakov,V/Reykjavik op (02) ;EXP 18 1990}) 15. a5 Rc8 (15... O-O) 16. Qh3 h5
17. Bb6 (17. f5 gxf5 18. exf5 e5 $15) 17... Qd7 (17... Qb8 18. Ned4 {
threatening a sacrifice on e6}) 18. Rad1 $14 e5 19. f5 g5 20. Qe3 (20. Bc4 Nxe4
$4 (20... Nb8) 21. Be6 $1 $18) (20. c3 $5) 20... Nb8 21. c3 Qa4 22. Nd2 Nbd7
23. Ra1 Qc6 24. cxb4 Nxb6 25. Rfc1 (25. Qxb6 $5 Qxb6+ 26. axb6 $14) 25... Nbd5
$8 (25... Qd7 26. Qxb6 $16) 26. exd5 Qxd5 27. Rxc8+ Kd7 $6 (27... Bxc8 28. Ne4
Bb7 29. N2c3 Qd4 30. Qxd4 exd4 31. Nxf6+ Bxf6 32. Ne4 $14) 28. Ne4 $4 (28. Be4
Nxe4 29. Rxh8 Nxd2 30. Qf2 Ne4 (30... e4 31. Nc3 e3 32. Qe2) 31. Nc3 Nxc3 32.
bxc3 h4 33. Rb8 $18) 28... Rxc8 29. N2g3 (29. N2c3 $2 Rxc3 $19) 29... Ng4 30.
Qe2 Ke8 $4 (30... Qd4+ $1 31. Kh1 d5 32. Rd1 Ne3 $1 33. Bb5+ axb5 34. Rxd4 Rc1+
$19) 31. Rd1 Qd4+ 32. Kh1 Kf8 33. h3 Nf6 34. Nxf6 Bxf6 35. Ne4 $2 (35. Be4 $1
Qxb4 36. Bxb7 Qxb7 37. Ne4 Qe7 38. Rxd6 Rc1+ 39. Kh2 Qa7 40. Rd1 $18) 35... Ke7
36. Nxf6 Kxf6 37. Qxh5 Qh4 $1 (37... Qf4 $5) 38. Qxh4 gxh4 39. b5 (39. Bxa6
Bxa6 40. Rxd6+ Kxf5 41. Rxa6 e4 42. Ra7 (42. Kg1 e3 43. Kf1 Ke4) 42... Ke6 43.
Ra6+ Kf5 $11) 39... axb5 40. Bxb5 d5 (40... Rc2 $5 41. Rxd6+ Kg5 42. Bf1 (42.
Rb6 Be4 $1 43. b4 Kf4 44. Rb8 Rxg2 $19) 42... Rxb2 43. a6 Be4 44. f6 Kf4 45.
Kg1 Kg3 46. Rd8 $13) 41. b4 Rc2 42. a6 Ba8 43. Bd3 Ra2 (43... Rb2 $2 44. Rb1
Rd2 (44... Rxb1+ 45. Bxb1 Bc6 46. Bd3 e4 47. Bf1 d4 48. b5 Bd5 49. b6 $18) 45.
b5 Rxd3 46. b6 $18) 44. b5 e4 (44... d4 45. b6 $1) 45. Bf1 (45. Bxe4 dxe4 46.
Rd8 Rb2 (46... e3 47. Rxa8 e2 48. Re8 $18) 47. Rxa8 Rxb5 48. a7 Ra5 49. Re8
Rxa7 50. Rxe4 Kxf5 $11) 45... Rb2 46. Rc1 e3 47. Rc8 Rb1 48. Kh2 $8 Rxf1 49.
Rxa8 Ra1 $1 (49... Ke7 50. f6+ Kxf6 (50... Rxf6 51. a7 $18) (50... Kd7 51. Ra7+
Kd6 52. Rxf7 e2 53. Re7 e1=Q 54. Rxe1 Rxe1 55. f7 $18) 51. Re8 d4 52. b6 d3 53.
Rxe3 $18) 50. Rd8 (50. Re8 $2 d4 51. b6 Rxa6 52. b7 Rb6 53. b8=Q Rxb8 54. Rxb8
d3 $19) 50... Ra5 51. b6 e2 52. b7 e1=Q 53. b8=Q Qe5+ 54. Qxe5+ Kxe5 55. Rd7
Rxa6 (55... f6 56. a7 d4 57. Kg1 Ke4 58. Kf2 Ra2+ 59. Ke1 Ke3 60. Re7+ $11) 56.
Rxf7 d4 57. Kg1 d3 58. Kf2 Ke4 59. Re7+ Kxf5 60. Ke3 1/2-1/2

[Event "Copenhagen Sommerskak op"]
[Site "Copenhagen"]
[Date "1997.??.??"]
[Round "?"]
[White "Mortensen, Erling"]
[Black "Hellsten, Johan"]
[Result "1-0"]
[WhiteElo "2450"]
[BlackElo "2485"]
[Annotator "Mortensen,E"]
[PlyCount "51"]
[EventDate "1997.??.??"]
[EventType "swiss"]
[EventRounds "10"]
[EventCountry "DEN"]
[SourceTitle "CBM 060"]
[Source "ChessBase"]
[SourceDate "1997.09.29"]
[SourceVersion "1"]
[SourceVersionDate "1997.09.29"]
[SourceQuality "1"]

1. e4 c5 2. Nf3 e6 3. d4 cxd4 4. Nxd4 a6 5. Bd3 Nf6 6. Nc3 Qc7 7. Qe2 d6 8. f4
b5 $6 (8... g6 $5) 9. Bd2 $5 Bb7 10. a4 b4 $6 (10... bxa4 11. Rxa4 $16) 11. Na2
e5 12. Nb3 Nc6 (12... a5 13. c3 $16) 13. Nxb4 Nxb4 14. Bxb4 exf4 15. Bc3 (15.
Bd2 $1 $18) 15... Be7 16. O-O d5 (16... O-O 17. Rxf4 d5 18. Rxf6 Bxf6 19. Bxf6
gxf6 20. exd5 Qe5 21. Qg4+ Qg5 22. Qh3 f5 23. Rf1 $16) 17. Bxf6 (17. exd5 Nxd5
18. Be5 $16) 17... Bxf6 18. exd5+ Kf8 19. Qe4 Qd6 (19... g5 20. Kh1 Re8 21.
Qb4+ Kg7 22. Nd4 $16) 20. Qxf4 Qxd5 (20... Qxf4 21. Rxf4 Bxd5 22. Nc5 $16) 21.
Rf2 Bg5 22. Qb4+ Be7 23. Qc4 Qh5 $6 24. Qc7 $18 Qd5 (24... Bd5 25. Rf5 $18) 25.
Bc4 Qe4 26. Nc5 $1 {It is mate in a few moves after} (26. Nc5 Qc6 (26... Qxc4
27. Nd7+ Ke8 28. Qxc4 Kxd7 29. Rd1+) 27. Nd7+ Ke8 28. Bxf7#) 1-0

[Event "RUS-ch U18"]
[Site "Moscow"]
[Date "1995.??.??"]
[Round "3"]
[White "Gelman, Alexander"]
[Black "Lugovoi, Aleksei"]
[Result "1-0"]
[WhiteElo "2425"]
[BlackElo "2485"]
[Annotator "Nikitin,A"]
[PlyCount "83"]
[EventDate "1995.??.??"]
[EventType "tourn"]
[EventRounds "11"]
[EventCountry "RUS"]
[EventCategory "8"]
[SourceTitle "CBM 046"]
[Source "ChessBase"]
[SourceDate "1995.06.01"]
[SourceVersion "1"]
[SourceVersionDate "1995.06.01"]
[SourceQuality "1"]

1. e4 c5 2. Nf3 d6 3. d4 cxd4 4. Nxd4 Nf6 5. Nc3 Nc6 6. Bc4 Qb6 7. Nb3 e6 8.
Qe2 a6 9. Be3 Qc7 10. f4 b5 11. Bd3 g6 (11... Be7 12. O-O-O Nd7 13. Rhe1 O-O
14. g4 Nc5 15. Nxc5 dxc5 16. e5 {Nijboer,F-Smirin,I/Tilburg/1993/} Bb7 $1 17.
Be4 Rad8 18. Qf2 Nd4 $13) 12. Nd4 Na5 $6 (12... Bd7 13. Nxc6 Bxc6 14. Bd4 Bg7
15. e5 dxe5 16. Bxe5 (16. fxe5 Nd7 17. Be4 Bxe4 18. Qxe4 O-O $15) 16... Qb7 17.
Ne4 Bxe4 18. Bxe4 Qxe4 19. Qxe4 Nxe4 20. Bxg7 Rg8 21. Bd4 O-O-O $10) 13. O-O
Bg7 (13... Nc4 $6 14. Ndxb5 axb5 15. Nxb5 {/\Bc4+/-/}) 14. Bxb5+ $1 (14. a4 $5
b4 15. Nd1 Bb7 16. Nf2 d5 17. e5 Ne4 18. Nf3 $14) 14... axb5 15. Ndxb5 Qb8 (
15... Qc6 $5 16. e5 Ba6 17. exf6 Bxf6 18. Rad1 Nc4 $13) 16. e5 $1 Ba6 (16...
dxe5 17. fxe5 Qxe5 18. Qf2 Bb7 19. Bd4 Qg5 20. Bxf6 Bxf6 21. Nd6+ Ke7 22. Nxb7
Nxb7 23. Ne4 $16) 17. exf6 Bxf6 18. a4 $16 O-O 19. Rad1 Nc6 (19... Rc8 20. Bd4
Bxd4+ 21. Rxd4 Nc6 22. Rd3 d5) 20. Ne4 Be7 21. c4 Rd8 22. Nec3 Bf6 23. Ne4 Be7
24. b3 d5 25. cxd5 exd5 26. Nc5 Bc8 27. Qf2 Bg4 28. Rc1 Nb4 29. Qd2 d4 30. Bxd4
Nc6 31. Qe3 Re8 32. Ne4 Ra6 33. Bb2 f6 34. Qc3 Nb4 35. Qc7 Qxc7 36. Nxc7 Nd3
37. Nxa6 Nxb2 38. Nc7 Rd8 39. Rc2 Nd1 40. Re1 Kf7 41. Na6 Rd5 42. Rc7 1-0

[Event "RUS-Cup3"]
[Site "Omsk"]
[Date "1996.??.??"]
[Round "2"]
[White "Purtov, Andrei"]
[Black "Mukhametov, Eldar"]
[Result "1/2-1/2"]
[WhiteElo "2400"]
[BlackElo "2485"]
[Annotator "Notkin,M"]
[PlyCount "83"]
[EventDate "1996.12.13"]
[EventType "swiss"]
[EventRounds "9"]
[EventCountry "RUS"]
[SourceTitle "CBM 057"]
[Source "ChessBase"]
[SourceDate "1997.04.01"]
[SourceVersion "1"]
[SourceVersionDate "1997.04.01"]
[SourceQuality "1"]

1. e4 c5 2. Nf3 Nc6 3. d4 cxd4 4. Nxd4 Nf6 5. Nc3 d6 6. Bc4 Qb6 7. Nb3 e6 8.
O-O Be7 9. Be3 Qc7 10. f4 a6 11. Bd3 b5 (11... O-O 12. Qf3 Nb4 13. a3 Nxd3 14.
cxd3 Bd7 15. g4 Bc6 16. Nd4 Nd7 17. Rac1 Qd8 18. g5 $16 {Frolov,A-Zontakh,A/
Berlin/1994/1-0/40/}) 12. Qf3 O-O (12... Bb7 13. Qh3 (13. a4 b4 14. Ne2 Na5 15.
Nxa5 Qxa5 16. Bd4 O-O 17. g4 e5 18. fxe5 dxe5 19. Be3 Bc5 $10 {Sokolov,A-Ionov,
S/Elista(RUS-ch)/1995/1-0/45/}) 13... Nb4 (13... Rb8 14. Kh1 b4 15. Ne2 e5 16.
Rae1 Bc8 17. Qf3 O-O 18. f5 d5 19. exd5 e4 20. Bxe4 Ne5 21. Bf4 Nxf3 22. Bxc7
Nxe1 23. Bxb8 Nxe4 24. Rxe1 Bxf5 25. Ned4 Bg6 26. Nc6 $16 {Yudasin,L-Garcia
Ilundain,D/Leon/1992/1-0/35/}) 14. a3 Nxd3 15. cxd3 O-O (15... e5 16. Rac1 Qd8
17. Nd2 O-O 18. d4 $14 {Frolov,A-Shmuter,L/Nikolaev/1993/1-0/28/}) 16. Nd4 Qd7
17. Rf3 Kh8 18. Rg3 Rae8 19. Rf1 Bd8 $13 {Belikov,V-Goldin,A/Elista(RUS-ch)/
1995/0-1/40/}) 13. Rae1 (13. Rad1 Bb7 14. Qh3 Rfe8 15. g4 Nb4 16. g5 Nd7 17. f5
exf5 18. exf5 Nxd3 19. cxd3 $13 {Yudasin,L-Ye,R/Moscow/1992/1-0/33/}) (13. Qh3
Bb7 14. Rae1 g6 15. f5 exf5 16. exf5 Ne5 17. Bg5 $14 {Rogic,D-Greenfeld,A/
Berlin/1995/1-0/29/}) 13... Rb8 14. Kh1 Re8 (14... Nb4 15. Rc1 e5 16. f5 d5 17.
Nxd5 Nfxd5 18. exd5 Nxd5 19. c4 Nxe3 20. Qxe3 Qb6 21. c5 Qf6 22. c6 $16 {
Ivanovic,B-Vukovic,Z/Niksic/1991/0,5/43/}) 15. Bd2 (15. g4) 15... b4 16. Nd1 a5
17. Ne3 (17. e5 Nd7 (17... dxe5 18. fxe5 Nxe5 19. Rxe5 Qxe5 20. Bf4 $18) 18.
exd6 Bxd6 {/\a4,Nc5/}) 17... g6 $6 (17... a4 18. Nc1 g6 $13) 18. f5 $1 Ne5 (
18... a4 19. fxg6 fxg6 (19... axb3 20. gxf7+ Kxf7 21. Nd5 $1 $40) 20. Ng4 Rf8
21. Bh6 $16) 19. Qh3 (19. Qg3 $1 $14) 19... exf5 20. exf5 Nxd3 21. cxd3 Rb5 22.
Rc1 (22. Nd4 Rc5 23. Nc4 Rd5 $5 $13) 22... Qd7 $6 (22... Qb7 $5) 23. Nd4 Rc5
24. Nc4 Qd8 25. a3 bxa3 26. bxa3 Bd7 $2 (26... d5 27. Nxa5 Rxa5 28. Nc6 $18) (
26... Bb7 27. Nb3) (26... Nh5 27. Qf3 Bf6 28. fxg6 fxg6 $13) 27. Rb1 $2 (27.
Qg3 $1 Nh5 (27... Rd5 28. Bc3 $16) 28. Qf3 f6 $16 (28... Bxf5 $2 29. g4 $18) (
28... Bf6 29. fxg6 fxg6 30. Nxd6 $16)) 27... Nh5 28. Nb6 (28. g4 $6 Ng7 {עh1/}
) (28. Qf3 Bf6 29. fxg6 fxg6 30. Nxd6 $2 Bxd4 31. Qf7+ Kh8 32. Nxe8 Ng3+ $19)
28... Bc8 29. Nxc8 Qxc8 30. Qf3 (30. fxg6 hxg6 31. Qxc8 Rexc8 32. Nb3 Rd5 $10)
(30. Nb3 Rc2 $132) 30... Bf6 31. fxg6 fxg6 32. Be3 Rf8 33. Qd1 Re5 34. Bg1 (34.
Qd2 $142) 34... Ng3+ $5 35. hxg3 Rh5+ 36. Bh2 Bxd4 37. Qb3+ d5 38. Rxf8+ Qxf8 {
/\Rh2/} 39. g4 $1 (39. Qb8 Qxb8 40. Rxb8+ Kf7 41. Rb7+ Ke6 42. g4 Rh4 43. g3
Rxg4 44. Rxh7 Bc5 $17) 39... Rxh2+ 40. Kxh2 Qf4+ (40... Qh6+ 41. Kg3 Qe3+ 42.
Kh2 Be5+ 43. Kh1 Qh6+ 44. Kg1 Bd4+ 45. Kf1 Qh1+ 46. Ke2 Qxg2+ 47. Kd1 Qf3+ 48.
Kc1 (48. Ke1 Bf2+ 49. Kd2 Be3+ 50. Kc3 Qf6+ 51. Kc2 Qf2+ 52. Kc3 Qd2#) 48...
Be3+ 49. Kb2 Qf2+ 50. Qc2 Bd4+ 51. Kc1 (51. Kb3 a4+) 51... Qf1+ 52. Kd2 Qf4+
53. Kd1 $10) 41. g3 Qd2+ 42. Kh3 (42. Kh3 Qh6+ 43. Kg2 Qd2+ 44. Kh1 Qh6+ $10)
1/2-1/2